Ceramic technology, production and use in an urban settlement on the middle Nile : the pottery assemblage from Late Meroitic Hamadab, Sudan (2nd to 4th century A.D.) /
المؤلف الرئيسي:
مؤلف مشترك:
مؤلفون آخرون: , ,
التنسيق: كتاب
اللغة:
English
German
منشور في:
Wiesbaden :
Reichert Verlag,
2022.
سلاسل:
Archäologische Forschungen in Afrika ;
1
الموضوعات:
الوسوم: إضافة وسم
رقم الطلب: On Hold
| LEADER | 02106nam a22004817a 4500 | ||
|---|---|---|---|
| 003 | OSt | ||
| 005 | 20260429094934.0 | ||
| 008 | 260428t2022 gw af b 000 0 eng | ||
| 010 | |a 2022496987 | ||
| 016 | 7 | |a 1255795166 |2 DE-101 | |
| 020 | |a 9783752006292 |q (hardbound) | ||
| 035 | |a 22749356 | ||
| 035 | |a (GyWOH)har220146900 | ||
| 040 | |a DLC |b eng |c DLC |e rda̤ | ||
| 041 | 0 | |a eng |a ger | |
| 042 | |a pcc | ||
| 043 | |a f-sj--- | ||
| 050 | 1 | 4 | |a On Hold |
| 100 | 1 | |a Nowotnick, Ulrike, |e author. | |
| 245 | 1 | 0 | |a Ceramic technology, production and use in an urban settlement on the middle Nile : |b the pottery assemblage from Late Meroitic Hamadab, Sudan (2nd to 4th century A.D.) / |c Ulrike Nowotnick. |
| 246 | 1 | 8 | |a Pottery assemblage from Late Meroitic Hamadab, Sudan (2nd to 4th century A.D.) |
| 264 | 1 | |a Wiesbaden : |b Reichert Verlag, |c 2022. | |
| 300 | |a xvi, 333 pages, 70, 4 pages of plates : |b illustrations (some color) ; |c 31 cm. | ||
| 336 | |a text |b txt |2 rdacontent | ||
| 336 | |a still image |b sti |2 rdacontent | ||
| 337 | |a unmediated |b n |2 rdamedia | ||
| 338 | |a volume |b nc |2 rdacarrier | ||
| 490 | 0 | |a Archäologische Forschungen in Afrika ; |v 1 | |
| 500 | |a At head of title: Deutsches Archäologisches Institut. | ||
| 500 | |a Slight revision of the author's thesis (doctoral)--originally presented at Humboldt-Universität zu Berlin, 2019. | ||
| 504 | |a Includes bibliographical references (pages 313-327). | ||
| 546 | |a Text in English; foreword in German by Iris Gerlach, Philipp von Rummel, Jörg Linstädter. | ||
| 650 | 0 | |a Pottery |z Sudan |z Ḥamdāb (Extinct city) | |
| 651 | 0 | |a Ḥamdāb (Extinct city) | |
| 700 | 1 | |a Gerlach, Iris, |d 1967- |e writer of foreword. | |
| 700 | 1 | |a Rummel, Philipp von, |e writer of foreword. | |
| 700 | 1 | |a Linstädter, Jörg, |e writer of foreword. | |
| 710 | 2 | |a Deutsches Archäologisches Institut, |e editor. | |
| 901 | |a reviewed | ||
| 906 | |a 0 |b ibc |c origres |d 2 |e ncip |f 20 |g y-gencatlg | ||
| 942 | |2 lcc |c BK | ||
| 955 | |a ve21 2022-08-12 |a fd10 2022-11-08 |a fd00 2022-11-15 to GS/GER |i fd12 2022-12-29 to Dewey |a fd07 2023-01-09 (rev.) | ||
| 999 | |c 62189 |d 62189 | ||
